000 00480nam a22001817a 4500
005 20260225150010.0
008 260225b |||||||| |||| 00| 0 eng d
020 _a978-3-0306-2126-1
100 _aLI ZE-NALIAN
245 _aFUNDAMENTALS OF MULTIMEDIA
250 _a3RD EDITION
260 _aBURNABY
_bSPRINGER
_c2021
300 _aXXV,824P.
500 _aINCLUDES AN INDEX
650 _aMULTIMEDIA SYSTEMS
700 _aMARK S. DREW, JIANGCHUAN LIU
942 _2lcc
_cBK
999 _c216662
_d216662